Top 5 Songs On Rubber Soul (The Beatles) - Statistics

General Stats
  • This quiz has been taken 30 times
  • The average score is 5 of 5
Answer Stats
Hint Answer % Correct
89,011,704 Drive My Car
100%
147,361,134 Norwegian Wood (This Bird Has Flown)
97%
277,334,131 In My Life
93%
112,118,168 Michelle
87%
77,355,508 Nowhere Man
83%
No matching quizzes found
Score Distribution
Percent of People with Each Score
Percentile by Number Answered
Your Score History
You have not taken this quiz